000 00425nam a2200193Ia 4500
003 OSt
005 20221005120146.0
006 a|||||r|||| 00| 0
007 ta
008 221004b |||||||| |||| 00| 0 eng d
024 _a113489
037 _cTextual
040 _aCRL
_cCRL
_beng
041 _2eng
_aeng
245 0 _aDerret DU to mail 1957
260 _c1957
942 _cTEXL
_2cc
999 _c1037012
_d1037012